[Event "Arber op Seniors 2nd"]
[Site "Bayerisch Eisenstein"]
[Date "2014.08.22"]
[Round "7"]
[White "Klimpel, Siegfried"]
[Black "Mosler, Ernst"]
[Result "1-0"]
[WhiteElo "1868"]
[BlackElo "1693"]
[PlyCount "79"]
[EventDate "2014.08.16"]
[EventType "swiss"]
[EventRounds "9"]
[EventCountry "GER"]
[SourceTitle "EXT 2016"]
[Source "ChessBase"]
[SourceDate "2015.10.08"]
[SourceVersion "1"]
[SourceVersionDate "2015.10.08"]
[SourceQuality "1"]

1. e4 e5 2. Nc3 Nf6 3. f4 d6 4. Nf3 Bg4 5. Bc4 Nc6 6. h3 Bxf3 7. Qxf3 Nd4 8. Qd1 exf4 9. d3 f3 10. g4 Qe7 11. Be3 c5 12. Bxd4 cxd4 13. Nb5 d5 14. Bb3 dxe4 15. dxe4 Qxe4+ 16. Kf1 Kd7 17. Qe1 Kd8 18. Rh2 Bc5 19. Qg3 Qc6 20. a4 a6 21. Nxd4 Bxd4 22. Rd1 Ke7 23. Rxd4 Rhd8 24. Rhd2 Rxd4 25. Rxd4 Kf8 26. g5 Nh5 27. Qg4 g6 28. Rd7 Ng3+ 29. Kf2 Ne4+ 30. Ke3 f2 31. Rxf7+ Ke8 32. Qxe4+ Qxe4+ 33. Kxe4 Rd8 34. Rxf2 Rd7 35. Ke5 Ke7 36. Rf7+ Ke8 37. Rxd7 Kxd7 38. Bg8 Ke7 39. a5 Kf8 40. Bd5 1-0

[Event "Arber op Seniors 2nd"]
[Site "Bayerisch Eisenstein"]
[Date "2014.08.17"]
[Round "2"]
[White "Mosler, Ernst"]
[Black "Tveten, Per"]
[Result "1/2-1/2"]
[WhiteElo "1693"]
[BlackElo "1578"]
[PlyCount "37"]
[EventDate "2014.08.16"]
[EventType "swiss"]
[EventRounds "9"]
[EventCountry "GER"]
[SourceTitle "EXT 2016"]
[Source "ChessBase"]
[SourceDate "2015.10.08"]
[SourceVersion "1"]
[SourceVersionDate "2015.10.08"]
[SourceQuality "1"]

1. e4 e5 2. Nf3 Nc6 3. Bc4 Bc5 4. d3 h6 5. c3 Nf6 6. 0-0 0-0 7. b4 Bd6 8. Re1 a6 9. d4 b5 10. Bb3 Re8 11. Nbd2 exd4 12. cxd4 Bxb4 13. e5 Nh7 14. Bd5 Rb8 15. Qb3 Re7 16. Bxc6 Bxd2 17. Bxd2 dxc6 18. Qc3 Qd5 19. a3 1/2-1/2